<?xml version="1.0" encoding="UTF-8"?>
<record
    xmlns:xsi="http://www.w3.org/2001/XMLSchema-instance"
    xsi:schemaLocation="http://www.loc.gov/MARC21/slim http://www.loc.gov/standards/marcxml/schema/MARC21slim.xsd"
    xmlns="http://www.loc.gov/MARC21/slim">

  <leader>01516cam a22002298i 4500</leader>
  <controlfield tag="001">24045169</controlfield>
  <controlfield tag="005">20250327161825.0</controlfield>
  <controlfield tag="008">250227s2025    ilu           000 1 eng  </controlfield>
  <datafield tag="010" ind1=" " ind2=" ">
    <subfield code="a">  2025007282</subfield>
  </datafield>
  <datafield tag="020" ind1=" " ind2=" ">
    <subfield code="a">9781804942949</subfield>
  </datafield>
  <datafield tag="040" ind1=" " ind2=" ">
    <subfield code="a">DLC</subfield>
    <subfield code="b">eng</subfield>
    <subfield code="e">rda</subfield>
    <subfield code="c">DLC</subfield>
  </datafield>
  <datafield tag="042" ind1=" " ind2=" ">
    <subfield code="a">pcc</subfield>
  </datafield>
  <datafield tag="050" ind1="0" ind2="0">
    <subfield code="a">PR6107.O3373</subfield>
    <subfield code="b">L57 2025</subfield>
  </datafield>
  <datafield tag="100" ind1=" " ind2=" ">
    <subfield code="a">Godfrey, Jennie,</subfield>
    <subfield code="e">author.</subfield>
    <subfield code="9">25082</subfield>
  </datafield>
  <datafield tag="245" ind1="1" ind2="0">
    <subfield code="a">List of suspicious things </subfield>
    <subfield code="b">: a novel </subfield>
    <subfield code="c">/ Jennie Godfrey.</subfield>
  </datafield>
  <datafield tag="264" ind1=" " ind2=" ">
    <subfield code="a">Penguin Books</subfield>
    <subfield code="b">London</subfield>
    <subfield code="c">2025</subfield>
  </datafield>
  <datafield tag="300" ind1=" " ind2=" ">
    <subfield code="a">528 pages ; 20 cm</subfield>
  </datafield>
  <datafield tag="520" ind1=" " ind2=" ">
    <subfield code="a">Yorkshire, 1979

Maggie Thatcher is prime minister, drainpipe jeans are in, and Miv is convinced that her dad wants to move their family Down South.

Because of the murders.

Leaving Yorkshire and her best friend Sharon simply isn't an option, no matter the dangers lurking round their way; or the strangeness at home that started the day Miv's mum stopped talking.
Perhaps if she could solve the case of the disappearing women, they could stay after all?

So, Miv and Sharon decide to make a list: a list of all the suspicious people and things down their street. People they know. People they don't.

But their search for the truth reveals more secrets in their neighbourhood, within their families - and between each other - than they ever thought possible.

What if the real mystery Miv needs to solve is the one that lies much closer to home?</subfield>
  </datafield>
  <datafield tag="655" ind1=" " ind2="0">
    <subfield code="a">Detective and mystery fiction</subfield>
    <subfield code="9">23664</subfield>
  </datafield>
  <datafield tag="942" ind1=" " ind2=" ">
    <subfield code="2">lcc</subfield>
  </datafield>
  <datafield tag="952" ind1=" " ind2=" ">
    <subfield code="0">0</subfield>
    <subfield code="1">0</subfield>
    <subfield code="2">lcc</subfield>
    <subfield code="4">0</subfield>
    <subfield code="7">0</subfield>
    <subfield code="a">TBS</subfield>
    <subfield code="b">TBS</subfield>
    <subfield code="d">2025-03-27</subfield>
    <subfield code="l">1</subfield>
    <subfield code="o">P-EN GOD</subfield>
    <subfield code="p">B05919</subfield>
    <subfield code="q">2025-05-11</subfield>
    <subfield code="r">2025-03-27</subfield>
    <subfield code="s">2025-03-27</subfield>
    <subfield code="t">1</subfield>
    <subfield code="w">2025-03-27</subfield>
    <subfield code="y">1</subfield>
  </datafield>
  <datafield tag="999" ind1=" " ind2=" ">
    <subfield code="c">4606</subfield>
    <subfield code="d">4606</subfield>
  </datafield>
</record>
